Statistiques concernant Harry Potter - Animaux de compagnie

Cliquez ici pour prendre le quiz!

Statistiques générales

  • Ce quiz a été pris 1 323 fois
  • Le résultat moyen est 12 sur 15

Statistiques - réponses

HintAnswer% Correct
Comment s'appelle la chouette d'Harry Potter ?Hedwige
99%
Comment s'appelle le rat de Ron Weasley ?Croutard
98%
Comment s'appelle le chat de Hermione Granger ?Pattenrond
96%
Comment s'appelle la chatte de Rusard ?Miss Teigne
89%
Comment s'appelle le phoenix de Albus Dumbledore ?Fumseck
87%
Comment s'appelle l'hippogriffe de Sirius Black ?Buck
87%
Comment s'appelle le chien de Rubeus Hagrid ?Crockdur
86%
Comment s'appelle l'acromentule de Rubeus Hagrid ?Aragog
85%
Comment s'appelle le chien à trois tête de Rubeus Hagrid ?Touffu
84%
Comment s'appelle le dragon que Rubeus Hagrid gagne ?Norbert
83%
Comment s'appelle crapaud de Neville ?Trevor
82%
Comment s'appelle le hibou de la famille Weasley ?Errol
73%
Comment s'appelle le hibou de Ron Weasley ?Coquecigrue
65%
Comment s'appelle le hibou de Perçy Weasley ?Hermes
54%
Comment s'appelle le boursouflet de Ginny ?Arnold
54%

Distribution des résultats

Percentile par nombre de réponses

% des personnes avec chaque résultat

Votre développement - résultats

Vous n’avez pas pris ce quiz